|
|
|
|
| LEADER |
00000nam a2200000 a 4500 |
| 001 |
vtls001458402 |
| 003 |
SK-MaSNL |
| 005 |
20260302084031.0 |
| 008 |
251113s1922 xo 0 slo |
| 035 |
|
|
|a SNK000413709
|
| 040 |
|
|
|a SNK
|b slo
|c SNK
|e AACR2
|
| 041 |
0 |
|
|a slo
|
| 044 |
|
|
|a xo
|c SK
|
| 072 |
|
7 |
|a 821.162.4-3
|2 konspekt
|
| 080 |
|
|
|a 821.162.4-32
|2 1981
|
| 080 |
|
|
|a (0:82-32)
|2 1981
|
| 100 |
1 |
|
|a Čajak, Ján,
|d 1863-1944
|4 aut
|9 37624
|
| 245 |
1 |
|
|a Ecce homo! a iné dolnozemské rozprávky
|c Ján Čajak
|n I.
|
| 260 |
|
|
|a V Turčianskom Sv. Martine
|b Svetová knižnica
|c 1922
|f Tlačil Kníhtlačiarsky účast. spolok
|
| 300 |
|
|
|a 127 s.
|c 17 cm
|
| 490 |
1 |
|
|a Svetová Knižnica
|
| 650 |
0 |
7 |
|a slovenská próza
|2 konspekt
|9 1206
|
| 655 |
|
7 |
|a umelecká literatúra
|2 SNK
|9 60405
|
| 655 |
|
7 |
|a slovenské poviedky
|2 SNK
|9 70226
|
| 752 |
|
|
|d Martin
|
| 830 |
|
0 |
|a Svetová Knižnica
|9 397816
|
| 999 |
|
|
|c 1186366
|d 1188296
|
| 952 |
|
|
|t P60, <04>, [BOOK], {604}, -W-
|a SNK
|b SNK
|y VYP
|7 0
|p 17A0393906
|o snkSD 702 D1
|i snkK 232/2003
|g 6.64
|0 0
|1 0
|4 0
|d 2003-08-13
|l 0
|r 2005-01-02 00:00:00
|w 2026-02-24
|
| 952 |
|
|
|a SNKLM
|b SNKLM
|y NEVYP
|7 0
|o snklmMK 3930
|8 3
|0 0
|1 0
|4 0
|d 2006-05-23
|l 0
|r 2026-02-24 21:55:50
|w 2026-02-24
|